Catálogo

Vista normal Vista MARC

Entrada Personal Name

Número de registros utilizados en: 1

001 - CONTROL NUMBER

  • control field: 16695

003 - CONTROL NUMBER IDENTIFIER

  • control field: DLC

005 - DATE AND TIME OF LATEST TRANSACTION

  • control field: 20250131105534.0

008 - FIXED-LENGTH DATA ELEMENTS

  • fixed length control field: 081022n| azannaabn |a aaa c

010 ## - LIBRARY OF CONGRESS CONTROL NUMBER

  • LC control number: no2008155039

035 ## - SYSTEM CONTROL NUMBER

  • System control number: (OCoLC)oca07914048

040 ## - CATALOGING SOURCE

  • Original cataloging agency: FMFIU
  • Language of cataloging: spa
  • Description conventions: rda
  • Transcribing agency: Mx-PuUPA
  • Modifying agency: InNd
  • Modifying agency: DLC
  • Modifying agency: CSt
  • Modifying agency: Mx-PuUPA

046 ## - SPECIAL CODED DATES

  • Birth date: 19710615

053 #0 - LC CLASSIFICATION NUMBER

  • Classification number element--single number or beginning number of span: PQ8180.422.O622

100 1# - HEADING--PERSONAL NAME

  • Personal name: López López, Andrés,
  • Dates associated with a name: 1971-

372 ## - FIELD OF ACTIVITY

  • Field of activity: Poesía
  • Source of term: lcsh

372 ## - FIELD OF ACTIVITY

  • Field of activity: Economía--Filosofía
  • Source of term: lcsh

372 ## - FIELD OF ACTIVITY

  • Field of activity: Ciencia política--Filosofía
  • Source of term: lcsh

374 ## - OCCUPATION

  • Occupation: Poeta
  • Source of term: lcsh

374 ## - OCCUPATION

  • Occupation: Filósofo
  • Occupation: utor
  • Source of term: lcsh

375 ## - GENDER

  • Gender: hombre

377 ## - ASSOCIATED LANGUAGE

  • Language code: spa

378 ## - FULLER FORM OF PERSONAL NAME

  • Fuller form of personal name: Andrés Felipe

400 1# - SEE FROM TRACING--PERSONAL NAME

  • Personal name: López, Andrés López,
  • Dates associated with a name: 1971-

670 ## - SOURCE DATA FOUND

  • Source citation: El cartel de los sapos, 2008:
  • Information found: t.p. (Andrés López López) front flap (b. Cali, Colombia, Jun. 15, 1971)

670 ## - SOURCE DATA FOUND

  • Source citation: Junto a cada pobre me encontrarás cantando, 2015:
  • Information found: (Andrés Felipe López López) front cover flap (Andrés Felipe López López; doctorate in philosophy; specializes in economic and political philosophy; published poet)